00638cam a2200205u 450000100060000000300080000600500170001400800410003103500190007204000330009104100080012408200130013224500760014526000530022130000280027465000440030265000340034670000240038070000280040420171BD-RjUL20211209000529.0140226r19501866enk 000 0aeng d a(BD-RjUL)20233 aDLCcCarPdDLCdBD-RjULbeng aeng04bREP 195014aThe Republic of Plato /cJohn, Llewelyn Davies and David James vaughan aOxford :bNacmillan and Co,c1866[Reprinted1950] axxvii, 370 p. ;c20 cm. 0aPolitical sciencevEarly works to 1800. 0aUtopiasvEarly works to 1800.1 a Davies , Llewelyn1 a James vaughan, David